{"text_format":"1","workbook":"xlsx","n_sheets":2,"sheets":["Pasiūlymas","Subtiekėjai"],"not_rendered":{"charts":0,"images":0,"macros":1,"external_links":0,"defined_names":0,"comments":0,"pivot_tables":0},"unopened":[],"bounds":{"document_bytes":16777216,"sheet_cells":100000,"rows_first":2000,"rows_last":500,"rows_between":2000,"halvings":0,"cell_chars":16384,"cell_head_chars":4096},"cells_cut":0,"cells_raw":0,"read":"whole","date_system":"1900"}

{"sheet":"Pasiūlymas","index":0,"n_rows":117,"n_cols":13,"rows_kept":117,"cut":false,"hidden":false,"merged":[[28,1,28,6],[63,1,63,6],[9,0,9,1],[9,2,9,4],[10,0,10,1],[10,2,10,4],[11,0,11,1],[11,2,11,4],[12,0,12,1],[12,2,12,4],[13,0,13,1],[13,2,13,4],[14,0,14,1],[14,2,14,4],[15,0,15,1],[15,2,15,4],[19,0,19,1],[19,2,19,4],[22,0,22,5],[16,0,16,1],[16,2,16,4],[17,0,17,1],[17,2,17,4],[18,0,18,1],[18,2,18,4]]}
["Perkančioji organizacija, kuriai teikiamas pasiūlymas:",null,""]
[]
[null,"PASIŪLYMAS"]
[null,"Dažų, lakų, skiediklių pirkimas"]
[]
["Data:","2020 05 11"]
["Nr.:"]
["Vieta:","Kaunas"]
[]
["Tiekėjo pavadinimas /Jeigu dalyvauja ūkio subjektų grupė, surašomi visi dalyvių pavadinimai/",null,"UAB \"Laurex\""]
["Įmonės kodas /Jeigu dalyvauja ūkio subjektų grupė, surašomi visi dalyvių kodai/",null,134456766]
["PVM mokėtojo kodas /Jeigu dalyvauja ūkio subjektų grupė, surašomi visi dalyvių kodai/",null,"LT344567610"]
["Banko pavadinimas, banko kodas, sąskaitos Nr.",null,"LT574010051003878691"]
["Tiekėjo adresas /Jeigu dalyvauja ūkio subjektų grupė, surašomi visi dalyvių adresai/",null,"Partizanų 15B, Kaunas"]
["Telefono numeris",null,771700]
["Fakso numeris"]
["El. pašto adresas",null,"info@laurex.lt"]
["Asmens, pasirašiusio pasiūlymą saugiu elektroniniu parašu, vardas, pavardė, pareigos ",null,"direktorius Šarūnas Aganauskas"]
["Asmens, įgalioto pasirašyti sutartį, vardas, pavardė, pareigos"]
[]
[]
[]
["1. Šiuo pasiūlymu pažymime, kad sutinkame su visomis pirkimo sąlygomis, nustatytomis:\n1) pirkimo skelbime, paskelbtame Viešųjų pirkimų įstatymo nustatyta tvarka;\n2) pirkimo sąlygose ir kituose pirkimo dokumentuose (jų paaiškinimuose, papildymuose).\n"]
[]
["Siūlomas pirkimo objektas visiškai atitinka pirkimo sąlygose nustatytus reikalavimus ir jo kaina yra:"]
[]
[]
["Nr.","Pavadinimas","Kiekis","Mato vienetas","Kaina be PVM, Eur","Suma be PVM, Eur","Siūlomi produktai, gamintojas",null,null,null,"","",""]
["1.","Sienų ir lubų dažai vidaus darbams vandens pagrindu"]
["1.1.","Dažai emulsiniai, matiniai, balti ",1000,"L",2.08,{"$f":"IF(ISBLANK(E30),\"\", PRODUCT(C30,E30))","v":2080},"Akrotix 3000, PPG Deco Polska sp. z o.o.",null,null,""]
["1.1.1.","Pritaikymas-luboms sausose patalpose (gyvenamuosiuose pastatuose ir viešosiose patalpose). Tinka naujiems ir anksčiau dažytiems betono, plytų, gipskartonio, tapetuotiems ar glaistytiems paviršiams; gipso blokeliams; gruntuotiems medienos plaušo, kartono paviršiams"]
["1.1.2.","Išeiga (vienam sluoksniui) ne mažiau nei 7-10 m2/l – lygiam paviršiui; 4-6 m2/l – gipso-kartono plokštėms ir užglaistytiems šiurkštiems paviršiams"]
["1.1.3.","Dažomi teptuku, voleliu ar aukšto spaudimo purkštuvu",null,null,null,null,null,null,null,""]
["1.1.4.","Skiediklis- vanduo",null,null,null,null,null,null,null,null,null,""]
["1.1.5.","Blizgumas- matiniai",null,null,null,null,null,null,null,null,null,""]
["1.1.6.","Atsparumas šveitimui - ne mažiau nei 2 klasė pagal ISO 11998",null,null,null,null,null,null,null,"","",""]
["1.1.7.","Kibirėliai 5(+-2,5)litro, 10(+-4) litro litrų",null,null,null,null,null,null,null,"","",""]
["1.1.8.","Taikomi minimalūs Aplinkos apsaugos kriterijai, patvirtinti LR Aplinkos ministro 2011-06-28 įsakymu Nr.D1-508 ( aktualia redakcija) XIX skyrius 46.1.1.-46.1.3 punktai, 46.1.5 punktas. Privalu pateikti atitiktį Aplinkos apsaugos kriterijams įrodančius dokumentus ,nurodytus punktuose  46.1.2 ; 46.1.3 ; 46.1.5",null,null,null,null,null,null,null,"","",""]
["1.2.","Pusiau matiniai  dažai sienoms , tonuoti, šviesios A bazės spalvos",1500,"L",4.03,{"$f":"IF(ISBLANK(E39),\"\", PRODUCT(C39,E39))","v":6045},"Polysatin SM, PPG  Coatings Deutschland GmbH "]
["1.2.1.","Akriliniai vidaus dažai, saugantys dažytą paviršių nuo pelėsio. Paskirtis - vestibiulų, laiptinių, ligoninių palatų , maisto pramonės įmonių patalpų dažymui."]
["1.2.2.","Kibirėliai 10(+-4) litro",null,null,null,null,null,null,null,""]
["1.2.3.","Išeiga - 9-12 m2/l – anksčiau dažytiems, lygiems paviršiams; 6-9 m2/l "]
["1.2.4.","Dažomi teptuku, voleliu ar aukšto spaudimo purkštuvu",null,null,null,null,null,null,null,null,null,""]
["1.2.5.","Skiediklis- vanduo",null,null,null,null,null,null,null,"",null,""]
["1.2.6.","Blizgumas -  pusiau matiniai ",null,null,null,null,null,null,null,null,null,""]
["1.2.7.","Tonuojami pagal RAL arba lygiavertę paletę. Spalva- pagal pirkėjo užsakymą.\n"]
["1.2.8.","Atsparūs vaitspiritui ir kitiems tirpikliams",null,null,null,null,null,null,null,"","",""]
["1.2.9.","Atsparumas drėgnam valymui ne mažiau 1 klasė pagal SFS-EN, ISO 11998",null,null,null,null,null,null,null,"","",""]
["1.2.10.","Taikomi minimalūs Aplinkos apsaugos kriterijai, patvirtinti LR Aplinkos ministro 2011-06-28 įsakymu Nr.D1-508 ( aktualia redakcija) XIX skyrius 46.1.1.-46.1.3 punktai, 46.1.5 punktas. Privalu pateikti atitiktį Aplinkos apsaugos kriterijams įrodančius dokumentus ,nurodytus punktuose  46.1.2 ; 46.1.3 ; 46.1.5",null,null,null,null,null,null,null,"","",""]
["1.3.","Matiniai dažai sienoms , tonuoti, šviesios A bazės spalvos",1500,"L",2.81,{"$f":"IF(ISBLANK(E50),\"\", PRODUCT(C50,E50))","v":4215},"Akrotix 3000, PPG Deco Polska sp. z o.o."]
["1.3.1.","Kibirėliai 10(+-4) litro"]
["1.3.2.","Sienoms ir luboms sausose ir drėgnose patalpose (gyvenamuosiuose pastatuose, viešosiose ir pramoninėse patalpose). Tinka naujiems ir anksčiau dažytiems betono, plytų, gipskartonio, tapetuotiems ar glaistytiems paviršiams; gipso blokeliams; gruntuotiems medienos plaušo, kartono paviršiams ir OSB plokštėms."]
["1.3.3.","Išeiga ne mažiau 9-11 m2/l – anksčiau dažytiems, lygiems paviršiams; 6-8 m2/l – gipso-kartono plokštėms ir užglaistytiems šiurkštiems paviršiams; 3-5 m2/l – tinkui."]
["1.3.4.","Dažomi teptuku, voleliu ar aukšto spaudimo purkštuvu"]
["1.3.5.","Skiediklis- vanduo"]
["1.3.6.","Blizgumas - matiniai"]
["1.3.7.","Tonuojami pagal RAL arba lygiavertę paletę. Spalva - pagal pirkėjo užsakymą."]
["1.3.8.","Atsparumas šlapiam šveitimui ne mažiau  ne mažiau 1 klasė, ISO 11998"]
["1.3.9.","Taikomi minimalūs Aplinkos apsaugos kriterijai, patvirtinti LR Aplinkos ministro 2011-06-28 įsakymu Nr.D1-508 ( aktualia redakcija) XIX skyrius 46.1.1.-46.1.3 punktai, 46.1.5 punktas. Privalu pateikti atitiktį Aplinkos apsaugos kriterijams įrodančius dokumentus ,nurodytus punktuose  46.1.2 ; 46.1.3 ; 46.1.5"]
[null,null,null,null,"Suma be PVM",{"$f":"IF((COUNT(C30:C59)<>COUNT(F30:F59)),\"\", SUM(F30:F59))","v":12340},{"$f":"IF((COUNT(C30:C59)<>COUNT(F30:F59)),\"Neužpildytos visų objektų kainos\", \"\")","v":""}]
[null,null,null,null,"PVM suma",2591.4]
[null,null,null,null,"Suma su PVM",{"$f":"IF(ISBLANK(F61), \"\", SUM(F60:F61))","v":14931.4}]
[]
["2.","Dažai medienai, metalui, betonui, lakai,skiedikliai"]
["2.1.","Alkidiniai dažai medienai ir metalui 1[+-0,3] L ,balti",150,"L",5.77,{"$f":"IF(ISBLANK(E65),\"\", PRODUCT(C65,E65))","v":865.49999999999989},"Emakol 3000, PPG Deco Polska sp.z o.o."]
["2.1.1.","Tinka naujiems ar anksčiau dažytiems medžio plaušo plokščių, kartono, medienos ir metalo paviršiam"]
["2.1.2.","Dažomi teptuku, voleliu ar aukšto spaudimo purkštuvu"]
["2.1.3.","Skiediklis- vaitspiritas arba lygiavertis "]
["2.1.4.","Blizgumas - pusiau matiniai arba pusiau blizgūs"]
["2.2.","Alkidiniai dažai medienai ir metalui 1[+-0,3] L  ",150,"L",7.96,{"$f":"IF(ISBLANK(E70),\"\", PRODUCT(C70,E70))","v":1194},"Emakol 3000, PPG Deco Polska sp.z o.o."]
["2.2.1.","Tinka naujiems ar anksčiau dažytiems medžio plaušo plokščių, kartono, medienos ir metalo paviršiam"]
["2.2.2.","Dažomi teptuku, voleliu ar aukšto spaudimo purkštuvu"]
["2.2.3.","Skiediklis- vaitspiritas arba lygiavertis "]
["2.2.4.","Blizgumas - pusiau matiniai arba pusiau blizgūs"]
["2.2.5.","Spalvos - šviesiai pilki, tamsiai pilki, juodi, rudi, žali, raudoni, geltoni, dramblio kaulo spalvos"]
["2.3.","Vandeniniai dažai medienai ir metalui 1[+-0,3] L  balti",100,"L",6.33,{"$f":"IF(ISBLANK(E76),\"\", PRODUCT(C76,E76))","v":633},"Akrylux, PPG Deco Polska sp.z o.o. "]
["2.3.1.","Skirti įvairiems dažymo darbams lauke ir patalpose."]
["2.3.2.","Dažomi teptuku, voleliu ar aukšto spaudimo purkštuvu"]
["2.3.3.","Skiediklis- vanduo"]
["2.3.4.","Blizgumas- pusiau matiniai arba pusiau blizgūs"]
["2.4.","Dažai radiatoriams, balti, silpno kvapo 1[+-0,3] L",150,"L",4.72,{"$f":"IF(ISBLANK(E81),\"\", PRODUCT(C81,E81))","v":708},"Emalia do koloryferow, PPG Deco Polska sp.z o.o."]
["2.4.1.","Skirti radiatoriams, metaliniams vamzdžiams dažyti\n"]
["2.4.2.","Dažomi teptuku, voleliu ar aukšto spaudimo purkštuvu"]
["2.4.3.","Silpno kvapo"]
["2.4.4.","Blizgumas- pusiau matiniai arba pusiau blizgūs"]
["2.5.","Dažai tinkuotiems ir betoniniams fasadams 10[+-4] L ,tonuoti, šviesios A bazės spalvos",200,"L",3.6,{"$f":"IF(ISBLANK(E86),\"\", PRODUCT(C86,E86))","v":720},"Hibridiniai siloksaniniai dažai, PPG Deco Polska sp.z o.o."]
["2.5.1.","Gyvenamųjų, pramoninių ar komercinės paskirties, sandėlių pastatų fasadams. Tinka naujoms ir anksčiau dažytoms mineralinėms plaušo plokštėms, betoniniams ar tinkuotiems paviršiams"]
["2.5.2.","Dažomi teptuku, voleliu ar aukšto spaudimo purkštuvu"]
["2.5.3.","Skiediklis- vanduo"]
["2.5.4.","Blizgumas-matiniai"]
["2.5.5.","Tonuojami pagal RAL arba lygiavertę paletę. Spalva - pagal pirkėjo užsakymą."]
["2.6.","Aerozoliniai dažai metalui dažyti  0,5 [+-0,2] L blizgūs arba pusiau matiniai",400,"vnt.",2.2000000000000002,{"$f":"IF(ISBLANK(E92),\"\", PRODUCT(C92,E92))","v":880.00000000000011},"Decolak, Perfect, ES"]
["2.6.1.","Vidaus ir laiko darbams. Greitai džiūstantys\n"]
["2.6.2.","Spalvos - juoda, balta , tamsiai ruda, smėlinė, žalia, mėlyna, raudona , tamsiai pilka, šviesiai pilka, geltona\n"]
["2.7.","Aerozoliniai dažai metalui dažyti  0,5 [+-0,2] L  matiniai",100,"vnt.",2.2000000000000002,{"$f":"IF(ISBLANK(E95),\"\", PRODUCT(C95,E95))","v":220.00000000000003},"Decolak, Perfect, ES"]
["2.7.1.","Vidaus ir laiko darbams. Greitai džiūstantys"]
["2.7.2.","Spalvos - balta, juoda\n"]
["2.8.","Antikoroziniai  dažai- gruntas 1[+-0,2] L",200,"L",6.95,{"$f":"IF(ISBLANK(E98),\"\", PRODUCT(C98,E98))","v":1390},"Antikorozinis emalis, PPG Deco Polska sp.z o.o."]
["2.8.1.","Metalo konstrukcijoms, apsaugoti nuo korozijos \n"]
["2.8.2.","Spalvos - balta, juoda, ruda, pilka"]
["2.9.","Rūdžių rišiklis 1[+-0,2] L",50,"L",1.81,{"$f":"IF(ISBLANK(E101),\"\", PRODUCT(C101,E101))","v":90.5},"KT-1, AS Spodriba"]
["2.9.1.","Surūdijusiems metalo paviršiams apdoroti prieš gruntuojant "]
["2.10.","Skiediklis 646 1[+-0,2] L",100,"L",1.6,{"$f":"IF(ISBLANK(E103),\"\", PRODUCT(C103,E103))","v":160},"UAB \"Užubaliai\""]
["2.11.","Vaitspiritas 1[+-0,2] L",100,"L",1.5,{"$f":"IF(ISBLANK(E104),\"\", PRODUCT(C104,E104))","v":150},"UAB \"Užubaliai\""]
["2.12.","Kelių ženklinimo dažai 5[+-2)] L, 10(+-4) L",200,"L",6.7,{"$f":"IF(ISBLANK(E105),\"\", PRODUCT(C105,E105))","v":1340},"RD-2, Rilak"]
["2.12.1.","Spalva -balta, geltona\n"]
["2.13.","Lakas medienai, skaidrus 1[+-0,2] L",50,"L",6.57,{"$f":"IF(ISBLANK(E107),\"\", PRODUCT(C107,E107))","v":328.5},"Domalux classic silver, PPG Deco Polska sp.z o.o"]
["2.13.1.","Lakas medinėms grindims ir kt. mediniams paviršiams vidaus darbams. "]
["2.14.","Lakas medienai, skaidrus, lauko darbams 1[+-0,3] L",50,"L",5.07,{"$f":"IF(ISBLANK(E109),\"\", PRODUCT(C109,E109))","v":253.5},"Alkilak, PPG Deco Polska sp.z o.o"]
["2.14.1.","Skirtas medienai, medienos pluošto plokštėms, kamštiniams paviršiams, medienos elementų dekoravimui drėgnoje aplinkoje."]
["2.15.","Atsparūs mechaniniam poveikiui dažai betono grindims",300,"L",3.5,{"$f":"IF(ISBLANK(E111),\"\", PRODUCT(C111,E111))","v":1050},"Akrylit B, PPG Deco Polska sp.z o.o"]
["2.15.1.","labai atsparūs mechaniniam poveikiui (dėvėjimuisi ir trinčiai), tirpalams (vaitspiritui, tepalui, benzinui, dyzelinui, aušinimo skysčiui), intensyviam plovimui bei dezinfekavimo priemonių poveikiui."]
["2.15.2.","Spalva - pilka"]
["2.15.3.","Kibirėliai  ne daugiau nei 20 litrų"]
[null,null,null,null,"Suma be PVM",{"$f":"IF((COUNT(C65:C114)<>COUNT(F65:F114)),\"\", SUM(F65:F114))","v":9983},{"$f":"IF((COUNT(C65:C114)<>COUNT(F65:F114)),\"Neužpildytos visų objektų kainos\", \"\")","v":""}]
[null,null,null,null,"PVM suma",2096.4299999999998]
[null,null,null,null,"Suma su PVM",{"$f":"IF(ISBLANK(F116), \"\", SUM(F115:F116))","v":12079.43}]

{"sheet":"Subtiekėjai","index":1,"n_rows":100,"n_cols":9,"rows_kept":100,"cut":false,"hidden":false,"merged":[[4,0,4,1],[4,2,4,4],[4,5,4,7],[4,8,4,9],[1,0,1,9],[3,0,3,1],[3,2,3,4],[3,5,3,7],[3,8,3,9],[5,0,5,1],[5,2,5,4],[5,5,5,7],[5,8,5,9],[6,0,6,1],[6,2,6,4],[6,5,6,7],[6,8,6,9],[17,1,17,6],[17,7,17,9],[7,0,7,1],[7,2,7,4],[7,5,7,7],[7,8,7,9],[8,0,8,1],[8,2,8,4],[8,5,8,7],[8,8,8,9],[10,0,10,9],[12,0,12,9],[14,0,14,9],[16,1,16,6],[16,7,16,9],[18,1,18,6],[18,7,18,9],[19,1,19,6],[19,7,19,9],[20,1,20,6],[20,7,20,9],[38,0,38,9],[21,1,21,6],[21,7,21,9],[24,0,24,3],[24,4,24,9],[25,0,25,9],[26,0,26,9],[28,0,28,9],[32,0,32,3],[32,4,32,9],[35,0,35,3],[35,4,35,9]]}
[]
["Sutarties vykdymui numatome pasitelkti šiuos subtiekėjus / subteikėjus / subrangovus (įrašyti visus subtiekėjus / subteikėjus / subrangovus nepriklausomai nuo tiekiamų prekių/ teikiamų paslaugų/ atliekamų darbų vertės):"]
[]
["Subtiekėjo / subteikėjo / subrangovo (-ų) pavadinimas (-ai)",null,"Adresas",null,null,"Trumpas aprašymas",null,null,"Procentas nuo pasiūlymo kainos be PVM"]
[]
[]
[]
[]
[]
[]
["Jeigu pirkimo dokumentų 18 punkte numatytas subtiekimo / subteikimo / subrangos apribojimas:\nMes patvirtiname, kad subtiekėjams / subteikėjams / subrangovams (tiekėjams, kuriuos pasamdysime dalies sutartyje numatytų prekių tiekimui /paslaugų teikimui / darbų atlikimui) perduodamų tiekti prekių / teikti paslaugų/ atlikti darbų dalis neviršys       proc. pasiūlymo kainos be PVM."]
[]
["Mes patvirtiname, kad esame / nesame (nereikalingą išbraukti) laikomi asocijuotais (susijusiais) su Perkančiąja organizacija pagal Lietuvos Respublikoje galiojančių teisės aktų (Lietuvos Respublikos pelno mokesčio, Lietuvos Respublikos pridėtinės vertės mokesčio ir Lietuvos Respublikos gyventojų pajamų mokesčio įstatymų) nuostatas. "]
[]
["Kartu su pasiūlymu pateikiami šie dokumentai:"]
[]
["Eil.Nr.","\"Pateiktų skaitmeninių dokumentų (ar jų kopijų) pavadinimas\n(pasiūlymą sudarančių konfidencialių dokumentų pavadinimai pažymėti prierašu KONFIDENCIALU)\"",null,null,null,null,null,"Prisegtos bylos (failo) pavadinimas "]
[]
[]
[]
[]
[]
[]
[]
["Pasiūlymo galiojimo užtikrinimui pateikiame :"]
[]
["(Nurodyti užtikrinimo būdą, dydį, dokumentus)"]
[]
["\nPasiūlymas galioja iki termino, nustatyto pirkimo dokumentuose.\n\nPasiūlymo neatskiriama dalis yra (rašoma, jeigu buvo reikalauta prie pasiūlymo pridėti atitinkamą dokumentą)"]
[]
[]
[]
["Tiekėjo arba jo įgalioto asmens pareigų pavadinimas"]
[]
[]
["Pasirašančio asmens vardas ir pavardė"]
[]
[]
["**kadangi visas pasiūlymas pasirašomas saugiu elektroniniu parašu, šio dokumento atskirai pasirašyti neprivaloma."]
[]
[]
[]
[]
[]
[]
[]
[]
[]
[]
[]
[]
[]
[]
[]
[]
[]
[]
[]
[]
[]
[]
[]
[]
[]
[]
[]
[]
[]
[]
[]
[]
[]
[]
[]
[]
[]
[]
[]
[]
[]
[]
[]
[]
[]
[]
[]
[]
[]
[]
[]
[]
[]
[]
[]
[]
[]
[]
[]
[]
["4244 2020-04-28 09:01:56"]